| 000 | 02044cam a22005414i 4500 | ||
|---|---|---|---|
| 003 | PE-LiUPU | ||
| 005 | 20250731173234.0 | ||
| 008 | 150625s r 000 0 d | ||
| 020 | _a8470573365 | ||
| 035 | _a(Sirsi) i9788470573361 | ||
| 040 |
_aPE-LiUPU _bspa _cPE-LiUPU _erda |
||
| 049 | _aPRUA | ||
| 082 | 0 | 4 |
_a264.1 _bH19 _221 |
| 100 | 1 |
_aLeón-Dufour, Xavier, _eautor. |
|
| 245 | 1 | 3 |
_aLa Fracción del pan : _bculto y existencia en el Nuevo Testamento / _cXavier León-Dufou. |
| 264 | 1 |
_aMadrid : _bEdiciones Cristiandad, _c1983. |
|
| 300 |
_a397 páginas ; _c21 centímetros |
||
| 336 |
_atext _2rdacontent |
||
| 337 |
_aunmediated _2rdamedia |
||
| 338 |
_avolume _2rdacarrier |
||
| 490 | 0 |
_aAcademía Christiana ; _v17 |
|
| 500 | _aIndice analítico: p. 239. | ||
| 504 | _aIncluye bibliografía. | ||
| 505 | 0 | _aLa práctica eucaristica. -Las tradiciones de la última cena de Jesús. -Las presentaciones. -A modo de preludio. | |
| 526 | _aSEG42 | ||
| 526 | _aSEG41 | ||
| 526 | _aSEG40 | ||
| 526 | _aSEG39 | ||
| 526 | _aP94 | ||
| 526 | _aP87 | ||
| 526 | _aP86 | ||
| 526 | _aP85 | ||
| 526 | _aP77 | ||
| 526 | _aP76 | ||
| 526 | _aP35 | ||
| 630 |
_aBiblia. _pN.T. _xCulto. |
||
| 630 |
_aBiblia. _pN.T. _xEucaristia. |
||
| 700 | 1 |
_aLarriba, Teodoro, _etraductor. |
|
| 942 |
_2ddc _cBOOK |
||
| 949 |
_a264.1 H19 _wDEWEY _c1 _i37533 _lCCODEBUL1 _mBUL _r0 _sY _tBOOK _u2015-6-25 _xTEOLOGIA _PP35 _0COMPRA _o.STAFF. Colección General |
||
| 949 |
_a265.3 L46 _wDEWEY _c2 _i22386 _lCCODEBUL1 _mBUL _r0 _sY _tBOOK _u2015-6-25 _xTEOLOGIA _zUNKNOWN _0COMPRA _o.STAFF. Colección General |
||
| 994 |
_aC0 _bPEPRU |
||
| 596 | _a1 | ||
| 999 |
_a264.1 H19 _wDEWEY _c42786 _i37533 _f2019-12-11 _g5 _lCCODEBUL1 _mBUL _r0 _sY _tBOOK _u2015-6-25 _xTEOLOGIA _PP35 _0COMPRA _o.STAFF. Colección General _d42786 |
||
| 999 |
_a265.3 L46 _wDEWEY _c2 _i22386 _f2021-11-12 _g5 _lCCODEBUL1 _mBUL _r0 _sY _tBOOK _u2015-6-25 _xTEOLOGIA _zUNKNOWN _0COMPRA _o.STAFF. Colección General |
||
| 980 |
_81 _gALBERTO SANCHEZ Responsable de Automatización |
||